| 000 | 00585nam a2200169Ia 4500 | ||
|---|---|---|---|
| 003 | SGT | ||
| 020 | _a9781259006197 | ||
| 082 |
_a621.434 _bGAN |
||
| 100 | _aGanesan,V | ||
| 245 | _aInternal combustion engines | ||
| 250 | _a4th . . Ed. | ||
| 260 |
_bTata McGraw Hill Education Private Limited _aNew Delhi _c2012 |
||
| 300 | _a730p. | ||
| 650 | _aMECHANICAL ENGINEERING | ||
| 653 | _aENERGY CONVERSION,AIR- STANDARD CYCLES AD THEIR ANALYSIS,FUEL- AIR CYCLES AND THEIR ANALYSIS,ACTUAL CYCLES AND THEIR ANALYSIS, CONVENTIONAL FUELS , ALTERNATE FUELS, CARBURETION | ||
| 942 |
_2ddc _cBK _02 |
||
| 999 |
_c5414 _d5414 |
||